书目信息 |
| 题名: |
集成运算放大器实用电路
|
|
| 作者: | 秦世才 编 | |
| 分册: | ||
| 出版信息: | 天津 天津科学技术出版社 1981 |
|
| 页数: | 294页 | |
| 开本: | 19cm | |
| 丛书名: | ||
| 单 册: | ||
| 中图分类: | TN722.7 | |
| 科图分类: | ||
| 主题词: | 运算放大器-电路 , 电路-运算放大器 | |
| 电子资源: | ||
| ISBN: | ||
| 000 | 00657nam0 2200241 45 | |
| 001 | 0181003942 | |
| 005 | 20060726094924.39 | |
| 010 | @dCNY0.89 | |
| 091 | @a15212.48 | |
| 100 | @a19950413d1981 em y0chiy0121 ea | |
| 101 | 0 | @achi |
| 102 | @aCN@b120000 | |
| 105 | @ay z 000yy | |
| 200 | 10 | @a集成运算放大器实用电路@Aji cheng yun suan fang da qi shi yong dian lu@f秦世才编 |
| 210 | @a天津@c天津科学技术出版社@d1981 | |
| 215 | @a294页@d19cm | |
| 606 | @a运算放大器-电路 | |
| 606 | @a电路-运算放大器 | |
| 690 | @aTN722.7@v3 | |
| 701 | 0 | @a秦世才@Aqin shi cai@4编 |
| 801 | 2 | @aCN@bNLC@c20060726 |
| 801 | 0 | @aCN@bTSSF |
| 905 | @a10447@dTN722.7@e206 | |
| 集成运算放大器实用电路/秦世才编.-天津:天津科学技术出版社,1981 |
| 294页;19cm |
| ISBN :CNY0.89 |
| ● |
| 相关链接 |
|
|
|
|
正题名:集成运算放大器实用电路
索取号:TN722.7/206
 
预约/预借
| 序号 | 登录号 | 条形码 | 馆藏地/架位号 | 状态 | 备注 |
| 1 | 0438552 | 204385520 | 密集书库/ [索取号:TN722.7/206] | 在馆 |